1186 1919 1780 1703 1861 1088 1616 1310 1184 1608 1907 1213 1645 1020 1646 1079 1481 1780 1960 1965 1149 1968 1519 1524 1102 1280 1427 1781 1510 1064 1248 1988 1141 1991 1249 1923 1007 1164 1168 1230 1821 1279 1003 1318 1861 1670 1527 1839 1425 1771 1785 1073 1584 1318 1927 1022 1058 1994 1361 1576 1696 1331 1904 1892 2000 1002 1355 1576 1314 1691 1442 1988 1015 1563 1293 1600 1384 1211 1101 1615 1765 1885 1694 1059 1353 1249 1465 1296 1217 1857 1998 1499 1387 1669 1814 1589 1902 1700 1934 BCNSPRNW ULIB Ver.6.0+V

เปลี่ยนเป็นภาษาไทย

Change to English
 แสดงรายละเอียดบรรณานุกรม
  กลับหน้าหลัก

Brief Record : Get Marc (ISO 2709) : E-mail record : QR code < ปิดหน้าต่าง
LEADER : 00000nam 2200000uu 4500
001    13399112259
003     ULIB
008    110202s2551||||th 000 0 tha d
020    9789741028047(ล.1)
060  4 WY18.2^bค127ค ล.1 2551
245 00 คู่มือการสอบใบอนุญาตประกอบวิชาชีพการพยาบาล เล่ม 1 ทบทวนสาระและตัวอย่างข้อสอบ =^bNCLEX-RN Review 5th edition 2005/^cบรรณาธิการ ประกาย จิโรจน์กุล และคณะ,ผู้แปล คณะอาจารย์วิทยาลัยพยาบาลบรมราชชนนี กรุงเทพฯ
246 0  NCLEX-RN Review 5th edition 2005
250    พิมพ์ครั้งที่ 1
260    กรุงเทพฯ:^bเซ็นเกจ เลินนิ่ง(ประเทศไทย) จำกัด,^c2551
300    484 หน้า
650  7 การพยาบาล--ตัวอย่างข้อสอบ
650  7 การสอบใบอนุญาตประกอบวิชาชีพการพยาบาล
700 0  คณะอาจารย์วิทยาลัยพยาบาลบรมราชชนนี กรุงเทพฯ,^eผู้แปล
700 0  ประกาย จิโรจน์กุล และคณะ,^eบรรณาธิการ
710 2  กระทรวงสาธารณสุข ^bสถาบันพระบรมราชนก^bวิทยาลัยพยาบาลบรมราชชนนี
945    ^p395^l0^i025020
945    ^p395^l0^i025021
945    ^p395^l0^i025022
945    ^p395^l0^i025023
945    ^p395^l0^i026978
945    ^p395^l0^i026979
945    ^p395^l0^i026980
945    ^p395^l0^i028685
945    ^p395^l0^i028686
945    ^p395^l0^i028687
995    ทศพร
999 ^a ใช้งานได้ทุกระบบ
รายการนี้ยังไม่มีแท็ก
คุณยังไม่ได้ล็อกอิน คุณสามารถมีกิจกรรมร่วมกับเว็บไซต์ได้ แต่ต้องล็อกอินก่อน ::
  ล็อกอิน

รายการสื่อสารสนเทศ

ลำดับที่ ประเภท เลขเรียก/บาร์โค้ด สถานที่ สถานะ
- ไม่พบข้อมูล -

รายการใกล้เคียง
    หัวเรื่อง [การพยาบาล--ตัวอย่างข้อสอบ]
    หัวเรื่อง [การสอบใบอนุญาตประกอบวิชาชีพการพยาบาล]

BibComment


ยังไม่เคยถูกคอมเมนท์

คอมเมนท์ทรัพยากรรายการนี้
  คอมเมนท์: คู่มือการสอบใบอนุ..


 Copyright 2026. Bcnsprnw @Library